[Event "CHI-chT"]
[Site "Santiago de Chile"]
[Date "2019.09.12"]
[Round "2.4"]
[White "Morales Briceno, Mauricio"]
[Black "Lara Diaz, Kristiansen"]
[Result "1-0"]
[WhiteElo "1955"]
[BlackElo "1530"]
[PlyCount "29"]
[EventDate "2019.09.05"]
[EventType "team-swiss"]
[EventRounds "9"]
[EventCountry "CHI"]
[SourceTitle "CBM 193 Extra"]
[Source "ChessBase"]
[SourceDate "2020.01.31"]
[SourceVersion "1"]
[SourceVersionDate "2020.01.31"]
[SourceQuality "1"]
[WhiteTeam "La Florida CC"]
[BlackTeam "Talagante CC"]
[WhiteTeamCountry "CHI"]
[BlackTeamCountry "CHI"]

1. e4 e5 2. Nc3 Nc6 3. Nge2 Nf6 4. d4 d6 5. d5 Nb8 6. f3 g6 7. Be3 Bg7 8. Qd2 h6 9. 0-0-0 Bd7 10. h3 Na6 11. g4 h5 12. Bg2 Qe7 13. Bg5 Qf8 14. Rdf1 Bh6 15. Bxh6 1-0